Top 10 Driest Countries - Statistics

General Stats
  • This quiz has been taken 51 times
  • The average score is 8 of 10
Answer Stats
Average Annual
Precipitation (mm)
Country % Correct
18 Egypt
89%
59 Saudi Arabia
89%
56 Libya
87%
74 Qatar
87%
83 Bahrain
82%
78 United Arab Emirates
78%
89 Algeria
76%
121 Kuwait
76%
111 Jordan
71%
92 Mauritania
53%
No matching quizzes found
Score Distribution
Percent of People with Each Score
Percentile by Number Answered
Your Score History
You have not taken this quiz